[Event "Czechia KP-chTA 0607"]
[Site "Czech Republic"]
[Date "2006.12.10"]
[Round "4.5"]
[White "Stanek, Frantisek"]
[Black "Svejdar, Ludek"]
[Result "1/2-1/2"]
[WhiteElo "1745"]
[BlackElo "1946"]
[PlyCount "69"]
[EventDate "2006.10.29"]
[EventType "team"]
[EventRounds "11"]
[EventCountry "CZE"]
[SourceTitle "EXT 2008"]
[Source "ChessBase"]
[SourceDate "2007.11.25"]
[SourceVersion "1"]
[SourceVersionDate "2007.11.25"]
[SourceQuality "1"]
[WhiteTeam "Tisice"]
[BlackTeam "Bakov nad Jizerou"]
[WhiteTeamCountry "CZE"]
[BlackTeamCountry "CZE"]

1. e4 c6 2. d4 d5 3. exd5 cxd5 4. Nf3 Nf6 5. Bf4 Qb6 6. b3 Bg4 7. Be2 Nc6 8. c3 e6 9. 0-0 Ne4 10. h3 Bh5 11. Nfd2 Bg6 12. Nxe4 Bxe4 13. Bd3 Bxd3 14. Qxd3 Be7 15. Nd2 0-0 16. Nf3 Rfd8 17. Ng5 Bxg5 18. Bxg5 f6 19. Be3 Qc7 20. Qe2 e5 21. dxe5 fxe5 22. Bg5 Re8 23. Rfd1 Qf7 24. Rd3 d4 25. f3 a5 26. cxd4 exd4 27. Qf2 Qg6 28. Qd2 Ne5 29. Rxd4 h6 30. f4 Nc6 31. Rd6 Qh5 32. Qd5+ Kh7 33. Qf5+ Kg8 34. Qd5+ Kh7 35. Qf5+ 1/2-1/2